000 00610nam a22002177a 4500
999 _c351647
_d351647
001 65972
003 UA-OsUOA
005 20200125224854.0
007 ta
008 20091215b un ||||| |||| 00| 0 ukr d
040 _aUA-OsUOA
_bukr
_cUA-OsUOA
_dUA-OsUOA
041 _aukr
080 _a902(477)
090 _a902(477)
_bЗ-81
245 _aЗолото степу. Археологія України
_cавт.-упоряд. П. П. Толочко
260 _aК.
_c1991
300 _a430 с.
650 7 _a9 Географія. Біографії. Історія
_2UDC
942 _cBK
_2udc
955 _a2